01403nam a22002537a 450000500170000000800410001702000190005804000090007704100080008608200180009410000210011224500450013326000310017830000250020936500330023444000300026752006510029765000210094865000220096970000230099194200120101499900190102695201040104520220409093908.0220409b ||||| |||| 00| 0 eng d a978-8129136749 cAloy aeng 223a929bLALS aAnupa Lal928817 aSri Ramana Maharshi:bSage of the People aNew DelhibRupa & Coc2002 a71 p.bHBc16x13 cm. 2Biographyb95.00c₹d95.00 aCharitavali Series928806 aA series of biographies dedicated to the legends of India. "Charitavali is a series of biographies dedicated to the legendary figures of India. The series presents the lives of great kings, freedom fighters, political thinkers, social reformers, pioneers of industry, scientists, philosophers, artists, musicians, dancers, film stars, writers and sports people. The biographies have been written for the reader who is curious about the lives and achievements of these legends. Full of fascinating anecdotes and facts, written in an easy storytelling style, the biographies will make these great Indians and their times come alive for the reader." aBiography928807 aSages Life928808 aLAL (Anupa)928809 2ddccGF c222310d222310 00102ddc40708OTHaALbALd2013-03-24l0o929 LALSpGF02095r2022-04-09 00:00:00w2022-04-09yGF